| 000 | 00532nam a2200181 i 4500 | ||
|---|---|---|---|
| 001 | 134773 | ||
| 003 | ES-MaACL | ||
| 005 | 20230906194736.0 | ||
| 007 | t| | ||
| 008 | 070913s1919 fr ||||1| fre d | ||
| 100 | 1 |
_aWeiss, Louise. _9116403 |
|
| 245 | 1 | 3 |
_aLa Republique Tehéco-slovaque / _cLouise Weiss ; preface de Edward Benes. |
| 260 |
_aParis : _bPayot, _c1919. |
||
| 300 |
_a233 p., 1 mapa ; _c19 cm. |
||
| 651 | 4 |
_aChecoslovaquia- _xDescripción. _9161809 |
|
| 700 | 1 |
_aBenes, Edward. _927527 |
|
| 852 |
_aES-MaACL _jG-472 |
||
| 999 |
_c134773 _d134773 |
||